000 00844nam a2200217Ia 4500
003 GCL
008 140319s9999 xx 000 0 ara d
040 _aGCL /
_cGCL
082 0 4 _a217
_bق ت
100 1 _aابن قيم الجوزية: شمس الدين ابو عبدالله محمد بن ابى بكر
245 1 0 _aتهذيب مدارج السالكين /
_cابن قيم الجوزية: شمس الدين ابو عبدالله محمد بن ابى بكر
700 1 _aعبدالمنعم صالح العلى العزى
260 _a[S.N] :
_bالمكتبة القيمة للطباعة والنشر والتوزيع
300 _a684 ص
490 _a
650 0 4 _aالاسلام
650 0 4 _aالتصوف الاسلامى
650 0 4 _aالاخلاق الاسلامية
650 0 4 _aعلم الكلام
942 _2ddc
_cBK
999 _c30802
_d30802